Statistics for Countries of the World: no vowels

Click here to take the quiz!

General Stats

  • This quiz has been taken 39 times
  • The average score is 31 of 34

Answer Stats

HintAnswer% Correct
BrzlBrazil
100%
DnmrkDenmark
100%
GrmnyGermany
100%
HngryHungary
100%
MxcMexico
100%
SpnSpain
100%
SwdnSweden
100%
BngldshBangladesh
97%
CndCanada
97%
ChnChina
97%
CbCuba
97%
FrncFrance
97%
JmcJamaica
97%
JpnJapan
97%
NgrNiger
97%
Nrth krNorth Korea
97%
PkstnPakistan
97%
ZmbbwZimbabwe
97%
GhnGhana
95%
KnyKenya
95%
PnmPanama
95%
BlgmBelgium
92%
BlgmBelgium
92%
nglndEngland
92%
tlyItaly
89%
SdnSudan
89%
rgntnArgentina
86%
rlndIreland
81%
WlsWales
78%
lgrAlgeria
76%
thpEthiopia
76%
ndIndia
73%
Sth FrcSouth Africa
73%
mrcAmerica
54%

Score Distribution

Percentile by Number Answered

Percent of People with Each Score

Your Score History

You have not taken this quiz